Football: Coupe d'Afrique des nations de 1957 à 2021 - Statistiques

Statistiques générales
  • Ce quiz a été pris 4 285 fois
    3 807 depuis la dernière actualisation
  • Le résultat moyen est 14 sur 17
Statistiques - réponses
Vainqueurs % Correct
Algérie
99%
Maroc
98%
Sénégal
98%
Egypte
97%
République Arabe Unie
97%
Cameroun
94%
Côte d'Ivoire
92%
Tunisie
92%
Afrique du sud
87%
Zaïre
87%
Congo Kinshasa
86%
Nigeria
84%
Congo
82%
Ghana
76%
Zambie
68%
Soudan
50%
Ethiopie
48%
Aucun quiz correspondant
Distribution des résultats
% des personnes avec chaque résultat
Percentile par nombre de réponses
Votre historique - résultats
Vous n’avez pas pris ce quiz depuis la dernière actualisation